Miasta na Węgrzech - nagła śmierć - Statystyki

Ogólne statystyki
  • Ten quiz został rozwiązany 190 razy
  • Średni wynik to 10 z 15
Answers on the Grid
Answers color-coded by a green-red scale on the quiz's grid according to % correct below.
Tartu
Vantaa
Akureyri
Rocha
Timisoara
Bukareszt
Pilzno
Płowdiw
Nisz
Równe
Osijek
Karlstad
Aszod
Budapeszt
Debreczyn
Eger
Erd
Gyal
Gyor
Janoshalma
Kecskemet
Miszkolc
Nyíregyháza
Pecz
Segedyn
Székesfehérvár
Szombathely
 
Statystyki odpowiedzi
Odpowiedź % Poprawnych
Budapeszt
90%
Székesfehérvár
87%
Nyíregyháza
83%
Szombathely
78%
Debreczyn
76%
Gyor
72%
Kecskemet
72%
Pecz
72%
Miszkolc
71%
Segedyn
66%
Eger
60%
Gyal
53%
Erd
49%
Aszod
45%
Janoshalma
34%
Nie znaleziono quizów pasujących do podanych kryteriów
Rozkład punktacji
Procent ludzi z każdym wynikiem
Percentyl według liczby udzielonych odpowiedzi
Twoja historia wyników
Nie rozwiązałeś tego quizu